[Event "2nd GMA World Cup prel  #1"]
[Site "Belgrade YUG"]
[Date "1988.??.??"]
[Round "?"]
[White "Paunovic, Tomislav"]
[Black "Jokic, Miodrag"]
[Result "1-0"]
[WhiteElo "2420"]
[BlackElo "2300"]
[EventDate "1988.12.??"]
[PlyCount "127"]

1.d4 Nf6 2.c4 g6 3.Nc3 Bg7 4.e4 d6 5.h3 O-O 6.Be3 e5 7.d5 a5 8.g4 Na6 9.
Nge2 Nc5 10.Ng3 Bd7 11.Be2 Ne8 12.h4 f6 13.h5 Kf7 14.Qd2 Na4 15.O-O-O Nxc3
16.Qxc3 Qb8 17.hxg6+ hxg6 18.Kb1 b5 19.cxb5 Bxb5 20.Rc1 Bxe2 21.Nxe2 Qb5 
22.Qc4 Qb7 23.Qc6 Qxc6 24.Rxc6 Ke7 25.Ng3 Kd7 26.Rc4 Ra6 27.Ra4 c6 28.
dxc6+ Kxc6 29.Rc1+ Kd7 30.Bd2 Nc7 31.Rxa5 Rfa8 32.Rxa6 Rxa6 33.Rh1 Ke6 34.
Rc1 Kd7 35.b4 Nb5 36.Kb2 Ra4 37.Rh1 Ke7 38.Rh7 Kf8 39.Rh1 Ke7 40.Rc1 Kd7 
41.Rc4 Na3 42.Rc3 Nb5 43.Rd3 Nd4 44.Ra3 Rxa3 45.Kxa3 d5 46.Be3 Nb5+ 47.Kb3
d4 48.Bd2 Nd6 49.a4 Kc6 50.f3 Kb6 51.Ne2 Nf7 52.Kc4 Bf8 53.Nc1 Nd8 54.Nd3 
g5 55.Kd5 Be7 56.Nb2 Kc7 57.b5 Kd7 58.a5 Ne6 59.b6 Nc5 60.Bb4 Na6 61.Bxe7 
Kxe7 62.Kc6 Ke6 63.Nd3 Nb8+ 64.Kc7 1-0

[Event "2nd GMA World Cup prel  #1"]
[Site "Belgrade YUG"]
[Date "1988.??.??"]
[Round "?"]
[White "Paunovic, Tomislav"]
[Black "Rogulj, Branko"]
[Result "0-1"]
[WhiteElo "2420"]
[BlackElo "2355"]
[EventDate "1988.12.??"]
[PlyCount "72"]

1.c4 c5 2.Nf3 Nf6 3.d4 cxd4 4.Nxd4 Nc6 5.Nc3 e6 6.g3 Qb6 7.e3 Bc5 8.Nb3 
Be7 9.Bg2 O-O 10.O-O d6 11.e4 Ne5 12.Be3 Qb4 13.c5 dxc5 14.a3 Qc4 15.Rc1 
Rd8 16.Nd5 exd5 17.Rxc4 dxc4 18.Nd2 b5 19.h3 Bb7 20.f4 Nc6 21.g4 Rd3 22.
Qe2 Nd4 23.Bxd4 cxd4 24.g5 Nd7 25.Kh2 Nc5 26.Rf3 Re8 27.Rxd3 Nxd3 28.Qg4 
Bc8 29.f5 Bd6+ 30.Kg1 Nxb2 31.e5 Rxe5 32.Nf3 Bxf5 33.Qg3 Re6 34.Qf2 Nd3 
35.Qd2 c3 36.Qa2 Nf4 0-1

[Event "2nd GMA World Cup prel  #1"]
[Site "Belgrade YUG"]
[Date "1988.??.??"]
[Round "?"]
[White "Paunovic, Tomislav"]
[Black "Zakic, Srdan"]
[Result "1/2-1/2"]
[WhiteElo "2420"]
[BlackElo "2360"]
[EventDate "1988.12.??"]
[PlyCount "36"]

1.d4 Nf6 2.c4 g6 3.Nc3 d5 4.Bf4 Bg7 5.Rc1 Nh5 6.Bd2 c5 7.dxc5 d4 8.Nd5 Na6
9.Nf3 O-O 10.Bg5 f6 11.Bd2 e6 12.Nb4 Nxb4 13.Bxb4 a5 14.Ba3 e5 15.c6 Re8 
16.Qa4 bxc6 17.Qxc6 Be6 18.e3 a4 1/2-1/2

[Event "2nd GMA World Cup prel  #1"]
[Site "Belgrade YUG"]
[Date "1988.??.??"]
[Round "?"]
[White "Pavlovic, Milos"]
[Black "Panchenko, Alexander"]
[Result "1/2-1/2"]
[WhiteElo "2390"]
[BlackElo "2475"]
[EventDate "1988.12.??"]
[PlyCount "36"]

1.d4 Nf6 2.Nf3 e6 3.c4 b6 4.g3 Ba6 5.b3 b5 6.cxb5 Bxb5 7.Bg2 Bc6 8.O-O Bb7
9.Nc3 Na6 10.Bg5 h6 11.Bxf6 Qxf6 12.Rc1 Ba3 13.Rc2 Qd8 14.e4 O-O 15.Ne5 
Be7 16.Nc4 Nb4 17.Rc1 d5 18.exd5 Bxd5 1/2-1/2

[Event "2nd GMA World Cup prel  #1"]
[Site "Belgrade YUG"]
[Date "1988.??.??"]
[Round "?"]
[White "Petrosian, Arshak"]
[Black "Olafsson, Helgi"]
[Result "1/2-1/2"]
[WhiteElo "2460"]
[BlackElo "2525"]
[EventDate "1988.12.??"]
[PlyCount "39"]

1.d4 Nf6 2.Nf3 g6 3.c4 Bg7 4.g3 c6 5.Nc3 d5 6.Qb3 O-O 7.Bg2 e6 8.O-O Na6 
9.Rd1 Qb6 10.Qc2 c5 11.cxd5 Nb4 12.Qb3 Nbxd5 13.Nxd5 Nxd5 14.dxc5 Qxc5 15.
e4 Nf6 16.Be3 Qh5 17.h3 Qa5 18.Nd2 Bd7 19.Nc4 Qa6 20.Qb4 1/2-1/2

[Event "2nd GMA World Cup prel  #1"]
[Site "Belgrade YUG"]
[Date "1988.??.??"]
[Round "?"]
[White "Petrosian, Arshak"]
[Black "Vaiser, Anatoly"]
[Result "1/2-1/2"]
[WhiteElo "2460"]
[BlackElo "2530"]
[EventDate "1988.12.??"]
[PlyCount "49"]

1.d4 e6 2.c4 f5 3.Nf3 Nf6 4.g3 d5 5.Bg2 c6 6.O-O Bd6 7.Nbd2 O-O 8.Ne5 b6 
9.Ndf3 Bb7 10.Bf4 Ne4 11.Qc2 Qe7 12.Nd3 Nd7 13.Bxd6 Qxd6 14.b4 c5 15.bxc5 
bxc5 16.dxc5 Ndxc5 17.cxd5 Bxd5 18.Nxc5 Nxc5 19.Ng5 Bxg2 20.Kxg2 Qe7 21.
Rfc1 Rac8 22.Nf3 Rc7 23.Qc3 Rfc8 24.Qe5 Qf6 25.Rab1 1/2-1/2

[Event "2nd GMA World Cup prel  #1"]
[Site "Belgrade YUG"]
[Date "1988.??.??"]
[Round "?"]
[White "Petursson, Margeir"]
[Black "Glek, Igor"]
[Result "1-0"]
[WhiteElo "2530"]
[BlackElo "2500"]
[EventDate "1988.12.??"]
[PlyCount "67"]

1.d4 Nf6 2.c4 g6 3.Nc3 Bg7 4.e4 d6 5.Be2 O-O 6.Bg5 Na6 7.Qd2 e5 8.d5 Qe8 
9.Bf3 Nh5 10.Bxh5 gxh5 11.Nge2 f5 12.exf5 Bxf5 13.Ng3 e4 14.O-O Qg6 15.Be3
Rae8 16.Kh1 Bd7 17.f3 exf3 18.gxf3 h4 19.Nge4 Qh5 20.Bd4 Bxd4 21.Qxd4 Qe5 
22.Qf2 Qf4 23.Ne2 Qe5 24.Qxh4 Kh8 25.N2c3 Rf4 26.Qh6 Rg8 27.Rg1 Be8 28.Ng5
Qg7 29.Qh3 Bd7 30.Ne6 Bxe6 31.dxe6 Qe5 32.Rxg8+ Kxg8 33.Qg3+ Kh8 34.e7 1-0

[Event "2nd GMA World Cup prel  #1"]
[Site "Belgrade YUG"]
[Date "1988.??.??"]
[Round "?"]
[White "Petursson, Margeir"]
[Black "Okhotnik, Vladimir"]
[Result "1-0"]
[WhiteElo "2530"]
[BlackElo "2445"]
[EventDate "1988.12.??"]
[PlyCount "91"]

1.d4 d6 2.c4 e5 3.Nc3 exd4 4.Qxd4 Nc6 5.Qd2 Nf6 6.g3 a5 7.Bg2 Be6 8.b3 a4 
9.Rb1 axb3 10.axb3 Be7 11.Nh3 O-O 12.O-O h6 13.Bb2 Nb4 14.Nf4 Bf5 15.Ra1 
Qd7 16.Rxa8 Rxa8 17.Bxb7 Rb8 18.Bg2 c6 19.e4 Bh7 20.Rd1 Qb7 21.Nfe2 Bf8 
22.Nd4 Nd7 23.Nf5 Nc5 24.Nxd6 Qc7 25.Nf5 Nbd3 26.Ba1 Rxb3 27.Ne2 Qb7 28.
Bd4 Ne6 29.Qc2 Ndc5 30.Ba1 Ra3 31.Ned4 Qa6 32.Qb1 Qa4 33.Bb2 Ra2 34.Ne3 
Ng5 35.Ndf5 Qb3 36.Bd4 Qxb1 37.Rxb1 Ngxe4 38.Rb8 Bxf5 39.Nxf5 Nd7 40.Rd8 
Nec5 41.Bxc5 Ra1+ 42.Bf1 Nxc5 43.Ne7+ Kh7 44.Rxf8 Ne6 45.Rxf7 Ng5 46.Rf8 
1-0

[Event "2nd GMA World Cup prel  #1"]
[Site "Belgrade YUG"]
[Date "1988.??.??"]
[Round "?"]
[White "Pigusov, Evgeny"]
[Black "Ernst, Thomas"]
[Result "1-0"]
[WhiteElo "2530"]
[BlackElo "2450"]
[EventDate "1988.12.??"]
[PlyCount "65"]

1.c4 c5 2.Nf3 Nc6 3.g3 e5 4.Nc3 g6 5.Bg2 Bg7 6.O-O d6 7.d3 Nge7 8.Ne1 Be6 
9.Nd5 O-O 10.Rb1 Rb8 11.Nxe7+ Qxe7 12.Nc2 Qd8 13.Bd2 a5 14.a3 Nd4 15.b4 
cxb4 16.axb4 d5 17.Nxd4 exd4 18.Bf4 Ra8 19.c5 axb4 20.Bd6 Qa5 21.Qb3 Rfd8 
22.Qxb4 Qxb4 23.Rxb4 Rd7 24.Rfb1 h5 25.f4 Ra7 26.Bf3 Bg4 27.Kf2 Bxf3 28.
Kxf3 f5 29.Rb5 Bf8 30.Be5 Bg7 31.Bb8 Ra6 32.Rxb7 Rxb7 33.Rxb7 1-0

[Event "2nd GMA World Cup prel  #1"]
[Site "Belgrade YUG"]
[Date "1988.??.??"]
[Round "?"]
[White "Pigusov, Evgeny"]
[Black "Kozul, Zdenko"]
[Result "1-0"]
[WhiteElo "2530"]
[BlackElo "2505"]
[EventDate "1988.12.??"]
[PlyCount "83"]

1.c4 Nf6 2.g3 g6 3.Bg2 Bg7 4.Nc3 O-O 5.d4 d6 6.Nf3 c6 7.O-O Qa5 8.e4 Bg4 
9.h3 Bxf3 10.Bxf3 Nfd7 11.Be3 a6 12.a3 c5 13.e5 cxd4 14.Bxd4 Nxe5 15.Bxb7 
Nbc6 16.Bxe5 Nxe5 17.Bxa8 Rxa8 18.Qd5 Qd8 19.Ne4 Qc8 20.f4 e6 21.Nxd6 exd5
22.Nxc8 Nxc4 23.Ne7+ Kf8 24.Nxd5 Rd8 25.Nb4 Nxb2 26.Rf3 Rd2 27.Rc1 Bd4+ 
28.Kf1 a5 29.Rc8+ Kg7 30.Nc6 Rc2 31.f5 Rc1+ 32.Ke2 Rc2+ 33.Ke1 Bc3+ 34.Kf1
Nc4 35.Ne7 Nd2+ 36.Ke2 Nxf3+ 37.Kxf3 Rc1 38.f6+ Kh6 39.Kg4 g5 40.Rg8 Rf1 
41.Nf5+ Rxf5 42.Kxf5 1-0

[Event "2nd GMA World Cup prel  #1"]
[Site "Belgrade YUG"]
[Date "1988.??.??"]
[Round "?"]
[White "Pigusov, Evgeny"]
[Black "Naumkin, Igor"]
[Result "1-0"]
[WhiteElo "2530"]
[BlackElo "2440"]
[EventDate "1988.12.??"]
[PlyCount "109"]

1.c4 Nf6 2.g3 e6 3.Bg2 d5 4.Nf3 Be7 5.O-O O-O 6.d4 dxc4 7.Ne5 Nc6 8.Bxc6 
bxc6 9.Nxc6 Qe8 10.Qa4 Bd6 11.Qxc4 a5 12.Ne5 c5 13.Nf3 Ba6 14.Qc2 Rc8 15.
Nc3 cxd4 16.Nxd4 Be5 17.Rd1 Rc4 18.Nf3 Bxc3 19.bxc3 Qc8 20.Bb2 Qc5 21.Nd2 
Ng4 22.Rf1 Qh5 23.h4 Rc6 24.c4 Rfc8 25.Rac1 f6 26.Qe4 Nh6 27.Rfe1 Nf7 28.
c5 Rxc5 29.Qxe6 Rxc1 30.Rxc1 Rxc1+ 31.Bxc1 Qxe2 32.Ne4 h6 33.Qe8+ Kh7 34.
Nxf6+ Kg6 35.Qxe2 Bxe2 36.Nd5 Bc4 37.Nc3 Nd6 38.a3 Kf5 39.f3 Nb5 40.Ne4 
Bd5 41.g4+ Ke5 42.Bb2+ Kf4 43.a4 Nc7 44.Kg2 Bxe4 45.Bc1+ Ke5 46.Bb2+ Kf4 
47.Bc1+ Ke5 48.fxe4 Kxe4 49.h5 Ne6 50.Kg3 Kd5 51.Bb2 Kd6 52.Bc3 Kd7 53.
Bxa5 Nc5 54.Bb6 Nxa4 55.Bd4 1-0

[Event "2nd GMA World Cup prel  #1"]
[Site "Belgrade YUG"]
[Date "1988.??.??"]
[Round "?"]
[White "Piskov, Yury"]
[Black "Kovacevic, Vlatko"]
[Result "0-1"]
[WhiteElo "2415"]
[BlackElo "2515"]
[EventDate "1988.12.??"]
[PlyCount "110"]

1.d4 Nf6 2.c4 e6 3.Nc3 d5 4.cxd5 exd5 5.Bg5 Nbd7 6.e3 Be7 7.Bd3 O-O 8.Qc2 
Re8 9.Nge2 a5 10.O-O h6 11.Bh4 c6 12.f3 Nf8 13.h3 N6h7 14.Bf2 Bh4 15.e4 
Bxf2+ 16.Rxf2 dxe4 17.fxe4 Ng5 18.Kh1 b5 19.Rd1 Qb6 20.Rdf1 Ra7 21.d5 b4 
22.Na4 Qe3 23.h4 Nxe4 24.Rf3 Qd2 25.Bxe4 Qxc2 26.Bxc2 Rxe2 27.Bd3 Rd2 28.
dxc6 Rc7 29.Nb6 Be6 30.Be4 Rd4 31.Rf4 Ng6 32.Bxg6 Rxf4 33.Rxf4 Rxc6 34.Nd7
fxg6 35.Rf8+ Kh7 36.Rd8 Bxd7 37.Rxd7 Rc4 38.g3 Rc1+ 39.Kg2 Rc2+ 40.Kh3 
Rxb2 41.a3 bxa3 42.Rd5 a2 43.Rxa5 Kg8 44.Kg4 Kf7 45.Ra6 Ke7 46.Kf4 Kd7 47.
g4 Kc7 48.h5 gxh5 49.gxh5 Kb7 50.Ra3 Kb6 51.Kg4 Kb5 52.Ra8 Kc4 53.Kf5 Kb3 
54.Kg6 Rg2+ 55.Kh7 Rg1 0-1

[Event "2nd GMA World Cup prel  #1"]
[Site "Belgrade YUG"]
[Date "1988.??.??"]
[Round "?"]
[White "Piskov, Yury"]
[Black "Mokry, Karel"]
[Result "1/2-1/2"]
[WhiteElo "2415"]
[BlackElo "2495"]
[EventDate "1988.12.??"]
[PlyCount "27"]

1.d4 d6 2.c4 e5 3.Nf3 e4 4.Ng5 Nf6 5.Nc3 Bf5 6.g4 Bxg4 7.Ngxe4 Nxe4 8.Nxe4
Be7 9.Bg2 Nc6 10.Ng3 O-O 11.h3 Bd7 12.e4 Bh4 13.Be3 Qe7 14.O-O 1/2-1/2

[Event "2nd GMA World Cup prel  #1"]
[Site "Belgrade YUG"]
[Date "1988.??.??"]
[Round "?"]
[White "Plachetka, Jan"]
[Black "Kovacevic, Slobodan"]
[Result "1/2-1/2"]
[WhiteElo "2400"]
[BlackElo "2340"]
[EventDate "1988.12.??"]
[PlyCount "82"]

1.e4 c5 2.Nf3 e6 3.d4 cxd4 4.Nxd4 a6 5.c4 Nf6 6.Nc3 Qc7 7.a3 b6 8.g3 Bb7 
9.Bg2 d6 10.Be3 Nbd7 11.O-O Rc8 12.Rc1 Qb8 13.f4 Qa8 14.f5 e5 15.Ne6 fxe6 
16.fxe6 Nc5 17.Rxf6 gxf6 18.Qh5+ Kd8 19.b4 Rc7 20.bxc5 bxc5 21.Bd2 Bc6 22.
Nd5 Bxd5 23.exd5 a5 24.Rb1 Be7 25.Be4 Rb7 26.Rf1 Qa6 27.Qe2 Kc8 28.Bc2 a4 
29.Bc3 Kb8 30.Kg2 Ka7 31.Qe4 h5 32.Rf5 h4 33.g4 h3+ 34.Kf3 Rhb8 35.Ke2 Rg8
36.Rh5 Bd8 37.Kd3 Ba5 38.Ba1 Rgb8 39.Rh7 Bc7 40.Bc3 Ba5 41.Rxb7+ Rxb7 
1/2-1/2

[Event "2nd GMA World Cup prel  #1"]
[Site "Belgrade YUG"]
[Date "1988.??.??"]
[Round "?"]
[White "Plachetka, Jan"]
[Black "Rogers, Ian"]
[Result "1/2-1/2"]
[WhiteElo "2400"]
[BlackElo "2540"]
[EventDate "1988.12.??"]
[PlyCount "130"]

1.c4 g6 2.d4 Bg7 3.Nc3 d6 4.e4 c5 5.d5 Nf6 6.Bd3 e6 7.Nf3 O-O 8.O-O Re8 9.
h3 Na6 10.Bg5 Nb4 11.Bb1 h6 12.Be3 e5 13.a3 Na6 14.Qd2 Kh7 15.Bd3 Nh5 16.
Nh2 f5 17.f3 f4 18.Bf2 Bf6 19.Nb5 Ng3 20.Rfb1 Bh4 21.b4 b6 22.Ra2 Rf8 23.
Qe1 Qg5 24.Nxd6 Bxh3 25.gxh3 Nf5+ 26.Ng4 Bxf2+ 27.Qxf2 Nxd6 28.h4 Qe7 29.
b5 Nc7 30.a4 Nb7 31.Kf1 Na5 32.Ke2 Ne8 33.Kd2 Nd6 34.Kc3 a6 35.Nh2 Qd7 36.
Qg2 Qg7 37.Rg1 axb5 38.axb5 Nf5 39.Qxg6+ Qxg6 40.Rxg6 Kxg6 41.exf5+ Kh5 
42.Ng4 Rae8 43.Be4 Nb7 44.Ra6 Nd6 45.Kd3 Nc8 46.Ra1 Nd6 47.Ra6 Rb8 48.Nxe5
Rb7 49.Ng6 Rff7 50.Nxf4+ Kxh4 51.Ne6 Ra7 52.Rxb6 Ra3+ 53.Kc2 Nxc4 54.Ra6 
h5 55.Rxa3 Nxa3+ 56.Kb3 Nxb5 57.Kc4 Nd6+ 58.Kxc5 Nxe4+ 59.fxe4 Kg4 60.d6 
h4 61.Kc6 h3 62.d7 Rxd7 63.Kxd7 h2 64.f6 h1=Q 65.f7 Qh7 1/2-1/2

[Event "2nd GMA World Cup prel  #1"]
[Site "Belgrade YUG"]
[Date "1988.??.??"]
[Round "?"]
[White "Plachetka, Jan"]
[Black "Vaiser, Anatoly"]
[Result "1/2-1/2"]
[WhiteElo "2400"]
[BlackElo "2530"]
[EventDate "1988.12.??"]
[PlyCount "45"]

1.d4 e6 2.Nf3 f5 3.g3 Nf6 4.Bg2 d5 5.O-O Bd6 6.c4 c6 7.Bf4 Bxf4 8.gxf4 
Nbd7 9.Qc2 Ne4 10.Nc3 O-O 11.e3 Qe7 12.h3 Kh8 13.Kh2 Rb8 14.Rac1 h6 15.Rg1
g5 16.Ne5 Nxe5 17.fxe5 Nxc3 18.Qxc3 Bd7 19.f4 Rg8 20.cxd5 exd5 21.Qc5 Qf7 
22.Bh1 Be6 23.Rc2 1/2-1/2

[Event "2nd GMA World Cup prel  #1"]
[Site "Belgrade YUG"]
[Date "1988.??.??"]
[Round "?"]
[White "Plaskett, Harold James"]
[Black "Olafsson, Helgi"]
[Result "0-1"]
[WhiteElo "2450"]
[BlackElo "2525"]
[EventDate "1988.12.??"]
[PlyCount "72"]

1.d4 Nf6 2.Nf3 g6 3.c4 Bg7 4.Nc3 d5 5.Bg5 Ne4 6.cxd5 Nxg5 7.Nxg5 e6 8.Nf3 
exd5 9.e3 O-O 10.Be2 Qd6 11.O-O c6 12.Rb1 a5 13.Qb3 Bf5 14.Rbc1 Qb4 15.Nd2
Nd7 16.a3 Qxb3 17.Nxb3 a4 18.Nd2 Rfc8 19.g4 Be6 20.f4 f6 21.e4 f5 22.exd5 
Bxd4+ 23.Kh1 cxd5 24.Nf3 Bxc3 25.bxc3 fxg4 26.Nd4 Bf5 27.Nxf5 gxf5 28.Rfd1
Nf6 29.c4 Kg7 30.Rb1 dxc4 31.Rxb7+ Kg6 32.Rb5 Rc6 33.Rc1 c3 34.Bd3 Ne4 35.
Bxe4 fxe4 36.Rc2 Rd8 0-1

[Event "2nd GMA World Cup prel  #1"]
[Site "Belgrade YUG"]
[Date "1988.??.??"]
[Round "?"]
[White "Plaskett, Harold James"]
[Black "Tseshkovsky, Vitaly"]
[Result "1-0"]
[WhiteElo "2450"]
[BlackElo "2505"]
[EventDate "1988.12.??"]
[PlyCount "119"]

1.e4 e5 2.Nf3 Nc6 3.Bb5 a6 4.Ba4 Nf6 5.O-O Be7 6.Re1 b5 7.Bb3 d6 8.c3 O-O 
9.h3 Na5 10.Bc2 c5 11.d4 cxd4 12.cxd4 Bb7 13.Nbd2 Rc8 14.Nf1 Re8 15.d5 Nc4
16.b3 Nb6 17.Ne3 g6 18.Bd2 Nbd7 19.a4 Nc5 20.axb5 axb5 21.Ba5 Qd7 22.Nf1 
Nh5 23.Qd2 Nf4 24.Bb6 Bd8 25.Bxd8 Rexd8 26.Ne3 Ra8 27.Ng4 Qe7 28.b4 Na4 
29.Bd3 h5 30.Ne3 Nxd3 31.Qxd3 Qd7 32.Nh4 Rac8 33.Ra3 Kh7 34.Qd2 Rg8 35.Rf1
Qe7 36.g3 Rb8 37.f4 exf4 38.Rxf4 Bc8 39.Kh2 Rg7 40.Qd4 Rb7 41.Nf3 Nb6 42.
Rc3 Bd7 43.Qf6 Be8 44.Ng5+ Kg8 45.Qxe7 Rxe7 46.Rf6 Re5 47.Rxd6 Rxg5 48.
Rxb6 Re5 49.Rb8 f6 50.Rcc8 Kf8 51.d6 Rxe4 52.Nd5 Re2+ 53.Kg1 Ra7 54.Ra8 
Rxa8 55.Rxa8 Kg7 56.Ra7+ Kf8 57.d7 Bxd7 58.Rxd7 Re4 59.Rd6 Kg7 60.Rxf6 1-0

[Event "2nd GMA World Cup prel  #1"]
[Site "Belgrade YUG"]
[Date "1988.??.??"]
[Round "?"]
[White "Polugaevsky, Lev"]
[Black "Dokhoian, Yury"]
[Result "1-0"]
[WhiteElo "2590"]
[BlackElo "2520"]
[EventDate "1988.12.??"]
[PlyCount "68"]

1.Nf3 Nf6 2.c4 b6 3.g3 Bb7 4.Bg2 e6 5.d4 Bb4+ 6.Bd2 Bxd2+ 7.Qxd2 O-O 8.Nc3
Ne4 9.Qd3 f5 10.Ne5 Nc5 11.dxc5 Bxg2 12.Rg1 Bc6 13.O-O-O Qf6 14.f4 bxc5 
15.Nxc6 dxc6 16.e4 Na6 17.e5 Qe7 18.Qf3 Qe8 19.Rg2 Rf7 20.Rgd2 h6 21.Na4 
Kh7 22.a3 Rb8 23.Qc3 Qc8 24.Qa5 Rb3 25.Rd3 Rxd3 26.Rxd3 Qb7 27.Kc2 Re7 28.
Rd8 Kg6 29.Qd2 Kf7 30.Qd1 Kg6 31.g4 fxg4 32.Qxg4+ Kh7 33.f5 exf5 34.Qxf5+ 
g6 1-0

[Event "2nd GMA World Cup prel  #1"]
[Site "Belgrade YUG"]
[Date "1988.??.??"]
[Round "?"]
[White "Polugaevsky, Lev"]
[Black "Simic, Radoslav"]
[Result "1-0"]
[WhiteElo "2590"]
[BlackElo "2485"]
[EventDate "1988.12.??"]
[PlyCount "31"]

1.Nf3 Nf6 2.c4 g6 3.Nc3 d5 4.cxd5 Nxd5 5.d3 Bg7 6.Bd2 O-O 7.g3 c5 8.Bg2 
Nc6 9.O-O b6 10.d4 cxd4 11.Nxd4 Nxd4 12.Nxd5 Bg4 13.Re1 Rc8 14.Bc3 Nxe2+ 
15.Rxe2 Bxc3 16.f3 1-0

[Event "2nd GMA World Cup prel  #1"]
[Site "Belgrade YUG"]
[Date "1988.??.??"]
[Round "?"]
[White "Popa, Valentin"]
[Black "Barbero, Gerardo"]
[Result "1-0"]
[WhiteElo "2375"]
[BlackElo "2505"]
[EventDate "1988.12.??"]
[PlyCount "79"]

1.e4 c5 2.Nf3 e6 3.c4 Nc6 4.Nc3 Nf6 5.Be2 a6 6.O-O Qc7 7.d4 cxd4 8.Nxd4 
Bb4 9.Nxc6 bxc6 10.Qd3 O-O 11.f4 d5 12.e5 Nd7 13.Be3 Bb7 14.Rac1 Qb8 15.
Na4 Rd8 16.c5 Ba5 17.Rf3 Bc8 18.Rh3 g6 19.a3 Re8 20.Bd4 Bd8 21.Rc3 Ra7 22.
Qc2 a5 23.Rb3 Qc7 24.Nb6 Ba6 25.Bxa6 Rxa6 26.Nxd7 Qxd7 27.Rh6 Kg7 28.Rbh3 
Rh8 29.f5 Bg5 30.f6+ Kg8 31.Be3 Bxh6 32.Bxh6 a4 33.Bg7 Qa7 34.Qc1 Ra5 35.
Rc3 Qb8 36.Qh6 Qxe5 37.h3 Qb8 38.Bxh8 Qf8 39.Bg7 Qb8 40.b4 1-0

[Event "2nd GMA World Cup prel  #1"]
[Site "Belgrade YUG"]
[Date "1988.??.??"]
[Round "?"]
[White "Popa, Valentin"]
[Black "Okhotnik, Vladimir"]
[Result "1-0"]
[WhiteElo "2375"]
[BlackElo "2445"]
[EventDate "1988.12.??"]
[PlyCount "112"]

1.e4 e5 2.Nf3 Nf6 3.d3 Nc6 4.c3 g6 5.g3 Bg7 6.Bg2 O-O 7.O-O d6 8.Re1 Re8 
9.b4 a6 10.Nbd2 h6 11.Bb2 Be6 12.a3 Qd7 13.Qc2 Bh3 14.Bh1 Nh5 15.d4 Kh7 
16.Rad1 Bg4 17.Bg2 f6 18.Nf1 Bh3 19.Ne3 Rf8 20.c4 Rae8 21.c5 Bxg2 22.Kxg2 
Qe7 23.cxd6 cxd6 24.d5 Nd8 25.Rc1 Rf7 26.Nh4 Bf8 27.Qd1 Qd7 28.Qc2 Ng7 29.
Qc8 Qxc8 30.Rxc8 Rd7 31.Rec1 Nf7 32.f4 exf4 33.Rxe8 Nxe8 34.gxf4 g5 35.
fxg5 Nxg5 36.Rc8 Re7 37.Nhf5 Rxe4 38.h4 Kg6 39.hxg5 fxg5 40.Kf3 Rf4+ 41.
Ke2 Kf7 42.Rb8 b5 43.Rb7+ Kg6 44.Rb6 Rxf5 45.Nxf5 Kxf5 46.Rxa6 Be7 47.a4 
bxa4 48.b5 Nc7 49.Ra5 Nxb5 50.Rxb5 g4 51.Rb4 h5 52.Rxa4 Bg5 53.Ba3 Ke5 54.
Ra6 h4 55.Bxd6+ Ke4 56.Ra4+ Kf5 1-0

[Event "2nd GMA World Cup prel  #1"]
[Site "Belgrade YUG"]
[Date "1988.??.??"]
[Round "?"]
[White "Psakhis, Lev"]
[Black "Pigusov, Evgeny"]
[Result "1/2-1/2"]
[WhiteElo "2560"]
[BlackElo "2530"]
[EventDate "1988.12.??"]
[PlyCount "24"]

1.Nf3 Nf6 2.d4 e6 3.g3 d5 4.Bg2 Be7 5.O-O O-O 6.c4 dxc4 7.Qc2 a6 8.Qxc4 b5
9.Qc2 Bb7 10.Bd2 Be4 11.Qc1 Bb7 12.Qc2 Be4 1/2-1/2

[Event "2nd GMA World Cup prel  #1"]
[Site "Belgrade YUG"]
[Date "1988.??.??"]
[Round "?"]
[White "Psakhis, Lev"]
[Black "Todorcevic, Miodrag"]
[Result "1-0"]
[WhiteElo "2560"]
[BlackElo "2525"]
[EventDate "1988.12.??"]
[PlyCount "67"]

1.e4 g6 2.d4 Bg7 3.Nf3 d6 4.Be2 Nf6 5.Nc3 O-O 6.O-O c6 7.a4 a5 8.Be3 Nbd7 
9.Nd2 e6 10.f4 Qe7 11.Kh1 b6 12.Qe1 c5 13.Qh4 Nd5 14.Qxe7 Nxe7 15.Nb5 Ba6 
16.c3 cxd4 17.cxd4 f5 18.Rae1 fxe4 19.Nxe4 Nf5 20.Bg1 Bxb5 21.Bxb5 Rfd8 
22.Ng5 Nf8 23.d5 e5 24.Ne6 Nxe6 25.dxe6 Rdb8 26.g4 Ne7 27.fxe5 dxe5 28.Rf7
Ra7 29.Bf2 h6 30.Rd1 e4 31.Bg3 Rba8 32.Bd6 Nc8 33.Bc7 Bf8 34.Rd8 1-0

[Event "2nd GMA World Cup prel  #1"]
[Site "Belgrade YUG"]
[Date "1988.??.??"]
[Round "?"]
[White "Raicevic, Momcilo"]
[Black "Dizdarevic, Emir"]
[Result "0-1"]
[WhiteElo "2370"]
[BlackElo "2495"]
[EventDate "1988.12.??"]
[PlyCount "84"]

1.c4 e6 2.g3 d5 3.d4 Nf6 4.Bg2 Bb4+ 5.Bd2 Be7 6.Nf3 O-O 7.O-O c6 8.Qc2 
Nbd7 9.Bf4 Nh5 10.Bc1 Nhf6 11.Nbd2 b6 12.e4 Bb7 13.e5 Ne8 14.b3 Nc7 15.h4 
a5 16.cxd5 exd5 17.Nh2 Ne6 18.Bb2 c5 19.dxc5 Ndxc5 20.Rfd1 Rc8 21.Rac1 Na4
22.Qb1 Nxb2 23.Rxc8 Qxc8 24.Qxb2 Nc5 25.Ndf1 Ne4 26.Ne3 Bc5 27.Nhf1 Re8 
28.Kh2 d4 29.Bxe4 Bxe4 30.Rxd4 Bxd4 31.Qxd4 Ba8 32.Nd5 Bxd5 33.Qxd5 Qf5 
34.f4 Qc2+ 35.Kh3 Qc8+ 36.Kh2 Rd8 37.Qe4 Qa8 38.Qe3 Qc6 39.Kh3 Qd7+ 40.Kg2
Qd5+ 41.Kh3 b5 42.Nh2 Qd7+ 0-1

[Event "2nd GMA World Cup prel  #1"]
[Site "Belgrade YUG"]
[Date "1988.??.??"]
[Round "?"]
[White "Raicevic, Momcilo"]
[Black "Gunawan, Ronny"]
[Result "1-0"]
[WhiteElo "2370"]
[BlackElo "2440"]
[EventDate "1988.12.??"]
[PlyCount "105"]

1.c4 Nf6 2.g3 g6 3.Bg2 Bg7 4.Nc3 O-O 5.Nf3 d6 6.d4 Nc6 7.O-O a6 8.h3 Rb8 
9.Be3 b5 10.d5 Na5 11.cxb5 axb5 12.a4 b4 13.Nb5 Bd7 14.Ba7 Rb7 15.Bd4 Bxb5
16.axb5 Rxb5 17.Qd3 Qd7 18.Nd2 Rfb8 19.Rfc1 Ne8 20.Bxg7 Nxg7 21.Nf3 e5 22.
Ng5 Ne8 23.h4 h6 24.Nf3 e4 25.Qxe4 Nb3 26.Nd4 Nxc1 27.Rxc1 Rc5 28.Rxc5 
dxc5 29.Nc6 Ra8 30.Qe3 Nf6 31.Bf3 Qh3 32.Qc1 Ng4 33.Bg2 Qh2+ 34.Kf1 Kg7 
35.e4 f6 36.Qxc5 Ra1+ 37.Ke2 Qxg2 38.Qe7+ Kg8 39.Qd8+ Kg7 40.Qxc7+ Kh8 41.
Qd8+ Kg7 42.Qd7+ Kh8 43.Qxg4 Qf1+ 44.Ke3 Re1+ 45.Kd4 Qxf2+ 46.Kc4 Rc1+ 47.
Kb5 Qxb2 48.Qc8+ Kg7 49.Qd7+ Kh8 50.Qe8+ Kg7 51.Ne7 Qe2+ 52.Kb6 f5 53.e5 
1-0

[Event "2nd GMA World Cup prel  #1"]
[Site "Belgrade YUG"]
[Date "1988.??.??"]
[Round "?"]
[White "Raicevic, Momcilo"]
[Black "Matulovic, Milan"]
[Result "0-1"]
[WhiteElo "2370"]
[BlackElo "2425"]
[EventDate "1988.12.??"]
[PlyCount "81"]

1.c4 g6 2.g3 Bg7 3.Bg2 e5 4.Nc3 d6 5.d3 Nf6 6.e3 O-O 7.Nge2 c6 8.O-O a5 9.
b3 d5 10.d4 e4 11.Ba3 Re8 12.Rc1 Na6 13.cxd5 cxd5 14.Nf4 Bf5 15.Qd2 g5 16.
Nh3 h6 17.Kh1 Qd7 18.Ng1 b5 19.Bc5 Rec8 20.a4 b4 21.Nb5 Nxc5 22.dxc5 Bf8 
23.Qd4 Rc6 24.Rc2 Rac8 25.Rfc1 Ne8 26.h3 Ng7 27.g4 Bg6 28.Rd2 Rxc5 29.Rcd1
Ne6 30.Qe5 d4 31.Qg3 d3 32.f4 gxf4 33.exf4 Rxb5 34.axb5 Bd6 35.Rf2 Qc7 36.
Rdf1 Qc5 37.Re1 d2 38.Rxd2 Bxf4 39.Rd5 Bxg3 40.Rxc5 Nxc5 41.Rc1 0-1

[Event "2nd GMA World Cup prel  #1"]
[Site "Belgrade YUG"]
[Date "1988.??.??"]
[Round "?"]
[White "Raicevic, Momcilo"]
[Black "Paunovic, Tomislav"]
[Result "1-0"]
[WhiteElo "2370"]
[BlackElo "2420"]
[EventDate "1988.12.??"]
[PlyCount "39"]

1.c4 e5 2.g3 c6 3.d4 exd4 4.Qxd4 d5 5.Nf3 dxc4 6.Qxc4 Nf6 7.Bg2 Be6 8.Qc2 
Na6 9.a3 h6 10.b4 Be7 11.O-O O-O 12.Bb2 Qc8 13.Nbd2 Bh3 14.Nh4 Rd8 15.Ndf3
Rd5 16.e4 Rh5 17.Nf5 Bxf5 18.exf5 Rxf5 19.Bh3 Rc5 20.Qxc5 1-0

[Event "2nd GMA World Cup prel  #1"]
[Site "Belgrade YUG"]
[Date "1988.??.??"]
[Round "?"]
[White "Raicevic, Vladimir"]
[Black "Bebchuk, Evgeny"]
[Result "0-1"]
[WhiteElo "2455"]
[BlackElo "2350"]
[EventDate "1988.12.??"]
[PlyCount "120"]

1.d4 Nf6 2.c4 e6 3.Nc3 Bb4 4.e3 b6 5.Ne2 Bb7 6.a3 Bxc3+ 7.Nxc3 O-O 8.Bd3 
d5 9.O-O a5 10.b3 Nbd7 11.Bb2 Ne4 12.Qc2 Nxc3 13.Bxc3 Qh4 14.cxd5 exd5 15.
Bb2 c6 16.f3 Qh6 17.Rfe1 Rfd8 18.Rac1 Nf8 19.Qf2 Ne6 20.e4 c5 21.e5 a4 22.
b4 cxb4 23.axb4 a3 24.Bc3 Rdc8 25.Bd2 g5 26.Ra1 Qh4 27.Be3 Qxf2+ 28.Kxf2 
Rc3 29.Ke2 a2 30.Red1 Raa3 31.b5 Bc8 32.Rd2 Bd7 33.Rdxa2 Rab3 34.Rd1 Rxd3 
35.Rxd3 Bxb5 36.Rd2 Bc4 37.g3 Kf8 38.Bf2 Ke7 39.Ke3 Bxd3 40.Rxd3 Rb2 41.
Rd2 Rb4 42.Kd3 Rb3+ 43.Ke2 h5 44.Be3 g4 45.fxg4 hxg4 46.Ra2 Ng7 47.Ra7+ 
Ke6 48.Rc7 Nf5 49.Bf2 Rb2+ 50.Kf1 Ne7 51.Rb7 Nc6 52.Rc7 Na5 53.Rc8 b5 54.
Rc5 Nc4 55.Rc6+ Kd7 56.Rf6 Ke7 57.Be1 b4 58.Rf2 Ne3+ 59.Kg1 Rb1 60.Re2 Nf5
0-1